Company law / (Record no. 9638)

MARC details
000 -LEADER
fixed length control field 00761 a2200229 4500
010 ## - LIBRARY OF CONGRESS CONTROL NUMBER
LC control number ENG-88998
020 ## - INTERNATIONAL STANDARD BOOK NUMBER
Terms of availability 375.00
International Standard Book Number 9788175346512
035 ## - SYSTEM CONTROL NUMBER
System control number EN-72531
037 ## - SOURCE OF ACQUISITION
Source of stock number/acquisition DBAD / PUB
082 14 - DEWEY DECIMAL CLASSIFICATION NUMBER
Classification number 346.54066
090 ## - LOCALLY ASSIGNED LC-TYPE CALL NUMBER (OCLC); LOCAL CALL NUMBER (OCLC)
-- 9817
-- 9817
100 ## - MAIN ENTRY--PERSONAL NAME
Personal name Saharay, H.K.
245 10 - TITLE STATEMENT
Title Company law /
Statement of responsibility, etc by H.K. Saharay
250 ## - EDITION STATEMENT
Edition statement 5th ed
260 ## - PUBLICATION, DISTRIBUTION, ETC. (IMPRINT)
Place of publication, distribution, etc Delhi
Name of publisher, distributor, etc Universal Law Publishing Co
Date of publication, distribution, etc 2008
270 ## - ADDRESS
Address C-FF-1A, Dilkhush Induatrial Estate, Opp. Hans Cinema, G. T. Karnal Raod, Azadpur
City Delhi
Postal code 110 033
300 ## - PHYSICAL DESCRIPTION
Extent cviii, 643p.
Dimensions 22 cm (pbk)
700 ## - ADDED ENTRY--PERSONAL NAME
Personal name Khan, Nizamuddin
700 ## - ADDED ENTRY--PERSONAL NAME
Personal name Hashmi, S.Najmul Islam
942 ## - ADDED ENTRY ELEMENTS (KOHA)
Institution code [OBSOLETE] dpl
Koha item type English Books
Call number prefix 346.54066 / SAH
Holdings
Withdrawn status Lost status Source of classification or shelving scheme Damaged status Not for loan Collection code Home library Current library Source of acquisition Cost, normal purchase price Total Checkouts Full call number Barcode Date last seen Copy number Uniform Resource Identifier Cost, replacement price Price effective from Koha item type
    Dewey Decimal Classification   Not For Loan Non-fiction D.B.Act.Division D.B.Act.Division DBAD/PUB 375.00   346.54066 SAH EN-72531 15/09/2008 1 10626 375.00 15/09/2008 English Books

© Delhi Public Library
Hit Counter
free hit counter